Normal view MARC view
  • Bluman, Allan G.

Entry Personal Name

Number of records used in: 10

001 - CONTROL NUMBER

  • control field: 5317

003 - CONTROL NUMBER IDENTIFIER

  • control field: NUST

005 - DATE AND TIME OF LATEST TRANSACTION

  • control field: 20171009175357.0

008 - FIXED-LENGTH DATA ELEMENTS

  • fixed length control field: 171009|| aca||aabn | a|a d

040 ## - CATALOGING SOURCE

  • Original cataloging agency: NUST
  • Transcribing agency: NUST

100 ## - HEADING--PERSONAL NAME

  • Personal name: Bluman, Allan G.

670 ## - SOURCE DATA FOUND

  • Source citation: Work cat.: (NUST)0: Bluman, Allan G., Elementary statistics :, c2007.
© 2023 Central Library, National University of Sciences and Technology. All Rights Reserved.